000 00887nam a22001577a 4500
003 OSt
005 20150919110018.0
008 150919b xxu||||| |||| 00| 0 eng d
040 _cRUA
082 _aAGR SOU 2006 B034 Or.1
100 _9853
_aSOUM, SOCHEAT.
245 _aEffect of kno3 doses in hydroping solution on non heading chines cabbage at royal university of agriculture's crop station ប្រសិទ្ធភាពនៃកំហាប់ប៉ូតាស្យូមនីត្រាតក្នុងសូលុយស្យុងអ៊ីដ្រូប៉ូនិកទៅលើដំណាំស្ពៃក្រញាញ់នៅសា្ថនីយ៏ពិសោធន៏ដំណាំ នៃសាកលវិទ្យាល័យភូមិន្ទកសិកម្ម
260 _aPhnom Penh
_bRUA
_c2006
300 _a50p.
_bill.
_c29cm.
942 _2ddc
_cAGR
999 _c823
_d823